Statistics for Flags but thin

Click here to take the quiz!

General Stats

  • This quiz has been taken 37 times
  • The average score is 21 of 24

Answer Stats

Answer% Correct
Canada
100%
Argentina
97%
Australia
97%
China
97%
Cuba
97%
Egypt
97%
Greece
97%
India
97%
Japan
97%
Panama
97%
Finland
94%
Netherlands
94%
Sweden
94%
Mexico
88%
Norway
88%
Philippines
88%
Algeria
82%
Angola
82%
Somalia
82%
Chile
79%
Antigua and Barbuda
74%
Mozambique
74%
Andorra
71%
Mongolia
53%

Score Distribution

Percentile by Number Answered

Percent of People with Each Score

Your Score History

You have not taken this quiz